[Event "Bodensee-Cup 2011  17th"]
[Site "Konstanz (13.5.-15.5)"]
[Date "2011.05.14"]
[Round "2.11"]
[White "Huss, Andreas"]
[Black "Grill, Bernd"]
[Result "1/2-1/2"]
[WhiteElo "2305"]
[BlackElo "2240"]
[PlyCount "89"]
[EventDate "2011.05.??"]
[EventType "team-swiss"]
[EventRounds "3"]
[EventCountry "GER"]
[WhiteTeam "Schweiz"]
[BlackTeam "Württemberg"]
[WhiteTeamCountry "SUI"]
[BlackTeamCountry "DDR"]

1. d4 Nf6 2. c4 c5 3. d5 e5 4. Nc3 d6 5. e4 Nbd7 6. g3 g6 7. Bh3 a6 8. a4 Bg7
9. Nf3 O-O 10. O-O Ne8 11. a5 h6 12. Bd2 Rb8 13. Qc1 Kh7 14. Ra3 Nb6 15. Bxc8
Nxc4 16. Bh3 Nxa3 17. bxa3 Qxa5 18. Nh4 Qd8 19. Nd1 Nf6 20. f3 b5 21. Ne3 Nd7
22. Nef5 gxf5 23. Bxf5+ Kh8 24. Bxh6 Rg8 25. Bxg7+ Rxg7 26. Qh6+ Kg8 27. Qxd6
Rb7 28. Bxd7 Rxd7 29. Qxe5 b4 30. Nf5 Rg6 31. Rc1 Kh7 32. Rxc5 b3 33. Rc6 Qa5
34. Rc8 Qe1+ 35. Kg2 Qd2+ 36. Kh3 f6 37. Rh8+ Kxh8 38. Qe8+ Rg8 39. Qxd7 b2 40.
Qf7 Qg5 41. Qb7 Qc1 42. Qb6 Rf8 43. Qb7 Rg8 44. Qb6 Rf8 45. Qb7 1/2-1/2

[Event "Bodensee-Cup 2011  17th"]
[Site "Konstanz (13.5.-15.5)"]
[Date "2011.05.14"]
[Round "2.12"]
[White "Zhou, Syang"]
[Black "Gaehwiler, Gabriel"]
[Result "0-1"]
[WhiteElo "2176"]
[BlackElo "2181"]
[PlyCount "66"]
[EventDate "2011.05.??"]
[EventType "team-swiss"]
[EventRounds "3"]
[EventCountry "GER"]
[WhiteTeam "Württemberg"]
[BlackTeam "Schweiz"]
[WhiteTeamCountry "DDR"]
[BlackTeamCountry "SUI"]

1. e4 c5 2. Nf3 d6 3. Nc3 a6 4. d4 cxd4 5. Nxd4 Nf6 6. h3 e6 7. g4 Be7 8. Bg2
Nfd7 9. Be3 Nc6 10. Qe2 O-O 11. O-O-O Nxd4 12. Bxd4 Qc7 13. h4 Rb8 14. f4 b5
15. e5 dxe5 16. fxe5 b4 17. Ne4 Nxe5 18. g5 Qc4 19. Qh5 Ng6 20. Bxg7 Bb7 21.
Rd4 Qxa2 22. Qh6 Rfc8 23. Nf6+ Bxf6 24. Bxf6 Rxc2+ 25. Kxc2 Rc8+ 26. Kd1 Qb3+
27. Ke2 Rc2+ 28. Rd2 Nf4+ 29. Kf1 Bxg2+ 30. Kg1 Qe3+ 31. Kh2 Qh3+ 32. Kg1 Rc1+
33. Kf2 Qf3# 0-1